00885nam a2200217Ia 4500003000900000008004100009020002200050040001600072080002500088245010700113260007200220300002300292650004000315650004000355650004500395700003000440700003000470942000700500999001700507952014300524IN-BaIIA211028s9999 xx 000 0 eng d a978-0-8194-7224-3 cIIA Library a535(082.1)bSPI-7014 0aGround-based and airborne instrumentation for astronomy IIcedited by Ian S. McLean and Mark M. Casali aWashingtonbThe International Society for Optical Engineeringc2008 a[various pagings.] aInstrumentation - congresses931707 aOptical imaging - congresses933051 aOptical spectroscopy - congresses933052 aCasali, M. M., ed.933053 aMcLean, I. S., ed.933054 cBK c17491d17491 00104070aBANbBANcGENd2009-10-09eANJ g5652.47l0o535(082.1)/ SPI-7014p18413r2021-11-05v5652.47w2009-10-09yBKGRs. 5652.47